000 01024nam a22003137a 4500
001 3370
003 FISKH
005 20240229140309.0
008 240229b cb ||||| |||| 00| 0 eng d
020 _a0439454662
040 _aFISKH
_beng
_cFISKH
_dFISKH
050 _aQC183.B795
082 _a530.4
100 _aBradley, Kimberly Brubaker
245 _aPop! :
_bA book about bubbles /
_cby Kimberly Brubaker Bradley ; photographs by Margaret Miller
250 _aFirst Scholastic printing , May 2003
260 _aNew York :
_bScholastic ,
_c2001
300 _a33 pages :
_bcolor illustrations ;
_c21 cm .
490 _aLet's read and find out science
505 _aN
520 _aSimple text explains how soap bubbles are made, why they are always round, and why they pop.
521 8 _a540
_bLexile
521 8 _aN
_bRaz-Plus
600 _2science
_vNon-fiction
650 _abubbles
_vNon-fiction
700 _aMiller, Margaret
_ephotographer
942 _2ddc
_cBK
_n0
999 _c3370
_d3370